Cen̲n̲ai araciyal kaṭcikaḷin̲ nilai. (Record no. 61005)

MARC details
000 -LEADER
fixed length control field 00616cam a22002291 4500
001 - CONTROL NUMBER
control field sa 64008738
003 - CONTROL NUMBER IDENTIFIER
control field DLC
005 - DATE AND TIME OF LATEST TRANSACTION
control field 20260227112056.0
008 - FIXED-LENGTH DATA ELEMENTS--GENERAL INFORMATION
fixed length control field 940325s1961 ii 000 0 tamr
010 ## - LIBRARY OF CONGRESS CONTROL NUMBER
LC control number sa 64008738
035 ## - SYSTEM CONTROL NUMBER
System control number (OCoLC)30023468
040 ## - CATALOGING SOURCE
Original cataloging agency DLC
Transcribing agency NRU
Modifying agency DLC
042 ## - AUTHENTICATION CODE
Authentication code premarc
050 00 - LIBRARY OF CONGRESS CALL NUMBER
Classification number JQ539.A45
Item number R3
100 1# - MAIN ENTRY--PERSONAL NAME
Personal name Rajagopal, V.,
Dates associated with a name 1898-
245 10 - TITLE STATEMENT
Title Cen̲n̲ai araciyal kaṭcikaḷin̲ nilai.
260 ## - PUBLICATION, DISTRIBUTION, ETC.
Date of publication, distribution, etc. [1961?]
300 ## - PHYSICAL DESCRIPTION
Extent 27 p.
Dimensions 18 cm.
500 ## - GENERAL NOTE
General note In Tamil.
650 #0 - SUBJECT ADDED ENTRY--TOPICAL TERM
Topical term or geographic name entry element Political parties
Geographic subdivision India
-- Tamil Nadu.
651 #0 - SUBJECT ADDED ENTRY--GEOGRAPHIC NAME
Geographic name Tamil Nadu (India)
General subdivision Politics and government.

No items available.

Powered by Koha